[Event "AUTO-OPEN-539"]
[Site "http://www.queenalice.com/game.php?id=162205"]
[Date "2007.2.1"]
[Round "1"]
[White "MilkyWay"]
[Black "wellcome"]
[Result "1-0"]
[WhiteElo "1745"]
[BlackElo "1408"]

1. e4 d6 2. d4 e6 3. Nc3 Qf6 4. Nf3 Nc6 5. Bc4 e5 6. Nd5 Qd8 7. O-O exd4 8. Nxd4
Nxd4 9. Qxd4 c6 10. Nc3 Be6 11. Bxe6 fxe6 12. Be3 Nf6 13. Rad1 Qb6 14. Qxb6 axb6
15. Bxb6 d5 16. Rfe1 Ra6 17. Bc7 Bc5 18. e5 Ng4 19. Rf1 O-O 20. Rd2 Bxf2+ 21.
Rfxf2 Nxf2 22. Rxf2 Rc8 23. Bd6 d4 24. Ne2 Rxa2 25. Nxd4 Rxb2 26. Nxe6 Ra8 27.
Nc5 Ra1+ 28. Rf1 Rxf1+ 29. Kxf1 Rxc2 30. Nxb7 Rc1+ 31. Kf2 Rb1 32. Nc5 Rb2+ 33.
Kf3 h5 34. h3 g5 35. Ne4 Rb3+ 36. Kf2 g4 37. hxg4 hxg4 38. g3 Rb2+ 39. Ke3 Kg7
40. Kf4 Re2 41. Ng5 Rc2 42. Kxg4 Kg6 43. Ne4 Rc4 44. Kf4 Kf7 45. g4 Kg7 46. Kf5
Kh6 47. g5+ Kg7 48. e6 Ra4 49. e7 Ra5+ 50. Bc5 Kf7 51. g6+ Ke8 52. Nf6# 1-0

[Event "AUTO-OPEN-560"]
[Site "http://www.queenalice.com/game.php?id=169842"]
[Date "2007.2.17"]
[Round "1"]
[White "MilkyWay"]
[Black "chessnm"]
[Result "1-0"]
[WhiteElo "1727"]
[BlackElo "1506"]

1. e4 c6 2. d4 d5 3. Nc3 dxe4 4. Nxe4 e6 5. Nf3 Nf6 6. Bg5 Be7 7. Nxf6+ Bxf6 8.
Bxf6 Qxf6 9. Bc4 O-O 10. O-O Rd8 11. c3 c5 12. Qc2 b6 13. Rad1 Bb7 14. Ne5 cxd4
15. cxd4 Nd7 16. Ng4 Qg5 17. f3 h5 18. Ne5 Nxe5 19. dxe5 Rxd1 20. Rxd1 Bxf3 21.
Re1 h4 22. Qf2 Bh5 23. h3 Rc8 24. b3 b5 25. Bxb5 Rc5 26. Qxc5 1-0

[Event "AUTO-OPEN-560"]
[Site "http://www.queenalice.com/game.php?id=169843"]
[Date "2007.2.17"]
[Round "1"]
[White "chessnm"]
[Black "MilkyWay"]
[Result "0-1"]
[WhiteElo "1506"]
[BlackElo "1705"]

1. d4 d5 2. c4 c6 3. Bf4 Nf6 4. e3 Bf5 5. c5 e6 6. Nf3 Be7 7. Nc3 Nbd7 8. Be2
O-O 9. O-O Nh5 10. Ne5 Nxf4 11. exf4 f6 12. Nxd7 Qxd7 13. b4 Qc7 14. Qd2 e5 15.
fxe5 fxe5 16. dxe5 Qxe5 17. Rfe1 Qf6 18. Bd3 Bxd3 19. Qxd3 Qxf2+ 20. Kh1 Bf6 21.
Rf1 Qh4 22. b5 Qb4 23. Rac1 Bxc3 24. Rxc3 Rxf1+ 25. Qxf1 Qxc3 26. bxc6 bxc6 27.
h3 Qxc5 0-1

[Event "AUTO-OPEN-560"]
[Site "http://www.queenalice.com/game.php?id=169844"]
[Date "2007.2.17"]
[Round "1"]
[White "MilkyWay"]
[Black "ajedrezperfecto"]
[Result "0-1"]
[WhiteElo "1661"]
[BlackElo "1583"]

1. e4 c5 2. Nc3 Nc6 3. f4 e6 4. Nf3 d5 5. Bb5 d4 6. Bxc6+ bxc6 7. Nb1 d3 8. O-O
dxc2 9. Qxc2 Ba6 10. Re1 Bd3 11. Qc3 c4 12. Na3 Bxa3 13. Qxa3 Nf6 14. e5 Qb6+
15. Kh1 Ne4 16. h3 Qf2 0-1

[Event "AUTO-OPEN-560"]
[Site "http://www.queenalice.com/game.php?id=169845"]
[Date "2007.2.17"]
[Round "1"]
[White "ajedrezperfecto"]
[Black "MilkyWay"]
[Result "1-0"]
[WhiteElo "1455"]
[BlackElo "1693"]

1. e4 c5 2. Nc3 Nc6 3. f4 g6 4. Nf3 Bg7 5. Bc4 e6 6. d3 Nge7 7. e5 a6 8. Ne4 O-O
9. c3 b5 10. Bb3 Nf5 11. g4 Nh4 12. O-O Nxf3+ 13. Qxf3 Bb7 14. Nxc5 Qc7 15. Be3
1-0

[Event "AUTO-OPEN-560"]
[Site "http://www.queenalice.com/game.php?id=169847"]
[Date "2007.2.17"]
[Round "1"]
[White "rrainey22"]
[Black "MilkyWay"]
[Result "0-1"]
[WhiteElo "1644"]
[BlackElo "1751"]

1. e4 c5 2. d4 cxd4 3. Qxd4 Nc6 4. Qe3 e6 5. e5 d5 6. Bb5 Bb4+ 7. c3 Ba5 8. f4
Bb6 9. Qg3 g6 10. b4 Ne7 11. Ne2 Nf5 12. Qd3 O-O 13. Bxc6 bxc6 14. a4 a5 15. g4
Qh4+ 16. Kd1 Qxg4 17. Rg1 Bxg1 18. Kc2 Bxh2 19. Na3 axb4 20. Nb1 Ba6 21. Qd2 b3+
22. Kxb3 Rfb8+ 23. Kc2 Bxe2 24. a5 d4 25. cxd4 Rd8 26. Ra4 c5 27. Nc3 Nxd4+ 28.
Kb2 Rab8+ 29. Ka2 Nb3 30. Qc2 Nxc1+ 31. Qxc1 c4 32. a6 Bxf4 33. Rxc4 Bxc4+ 34.
Ka3 Bxc1+ 35. Ka4 Ba2+ 36. Ka5 Qb4# 0-1

[Event "AUTO-OPEN-576"]
[Site "http://www.queenalice.com/game.php?id=175949"]
[Date "2007.3.2"]
[Round "1"]
[White "rrainey22"]
[Black "MilkyWay"]
[Result "1-0"]
[WhiteElo "1682"]
[BlackElo "1740"]

1. e4 c5 2. d4 cxd4 3. Qxd4 Nc6 4. Qe3 d6 5. Bb5 Bd7 6. Na3 Nf6 7. h3 a6 8. Bd3
g6 9. c3 Bg7 10. g4 O-O 11. f3 b5 12. b4 Nxg4 13. hxg4 Bxc3+ 14. Kd1 Bg7 15. Rb1
Rc8 16. Nc2 Be6 17. Bb2 f6 18. a3 d5 19. Qe2 dxe4 20. Qxe4 Ne5 21. Nd4 Nxd3 22.
Qxd3 Bc4 23. Qe4 e5 24. Ke1 exd4 25. Rd1 Re8 26. Qxe8+ Qxe8+ 27. Kf2 Qe3+ 28.
Kg3 f5 29. Rxd4 Be5+ 30. Kg2 Bxd4 31. Bxd4 Qxd4 32. Nh3 fxg4 33. fxg4 1-0

[Event "AUTO-OPEN-576"]
[Site "http://www.queenalice.com/game.php?id=175950"]
[Date "2007.3.2"]
[Round "1"]
[White "MilkyWay"]
[Black "rrainey22"]
[Result "0-1"]
[WhiteElo "1715"]
[BlackElo "1700"]

1. e4 e5 2. Nf3 d5 3. d4 dxe4 4. Nxe5 f5 5. Qh5+ g6 6. Nxg6 Nf6 7. Qh4 Rg8 8.
Ne5 Be7 9. Bg5 Be6 10. c3 Rh8 11. Bxf6 Bxf6 12. Qh5+ Kf8 13. Be2 Qe7 14. O-O Nd7
15. Nxd7+ Qxd7 16. f3 Bf7 17. Qh6+ Bg7 18. Qf4 Qe7 19. fxe4 Qxe4 20. Qxe4 fxe4
21. Bc4 Ke8 22. Bxf7+ Kd7 23. Na3 a6 24. Rae1 Raf8 25. Bh5 Rxf1+ 26. Kxf1 Rf8+
27. Ke2 Kd6 28. Nc4+ Kd5 29. Ne3+ Ke6 30. Rf1 Bh6 31. Rxf8 Bxf8 32. g3 Kf6 33.
h4 b5 0-1

[Event "Challenge"]
[Site "http://www.queenalice.com/game.php?id=183750"]
[Date "2007.3.17"]
[Round "-"]
[White "mid_knight"]
[Black "MilkyWay"]
[Result "1-0"]
[WhiteElo "1841"]
[BlackElo "1638"]

1. d4 d5 2. c4 c6 3. Nc3 Nf6 4. e3 Bf5 5. cxd5 Nxd5 6. Bc4 e6 7. Nge2 Nd7 8. e4
Nxc3 9. Nxc3 Bg6 10. O-O Nb6 11. Bb3 Be7 12. Re1 O-O 13. Bc2 Rc8 14. Bf4 1-0